"Hi-Fi` (Record no. 144834)

MARC details
000 -LEADER
campo de control de longitud fija 00720nam a2200205 4500
001 - NÚMERO DE CONTROL
campo de control 144834
003 - IDENTIFICADOR DE NÚMERO DE CONTROL
campo de control ES-MaACL
005 - FECHA Y HORA DE LA ÚLTIMA TRANSACCIÓN
campo de control 20230906201117.0
007 - CAMPO FIJO DE DESCRIPCIÓN FÍSICA--INFORMACIÓN GENERAL
campo de control de longitud fija t|
008 - DATOS DE LONGITUD FIJA--INFORMACIÓN GENERAL
campo de control de longitud fija 070214s1957 sp r ||||1| spa d
100 1# - ENTRADA PRINCIPAL--NOMBRE DE PERSONA
Nombre de persona Slot, G.
9 (RLIN) 106796
245 11 - MENCIÓN DEL TÍTULO
Título "Hi-Fi`
Resto del título : del micrófono al oído : técnica moderna de registro y reproducción del sonido /
Mención de responsabilidad, etc. G. Slot ; [traducción de L. F. Arribas Berthe].
260 ## - PUBLICACIÓN, DISTRIBUCIÓN, ETC.
Lugar de publicación, distribución, etc. Madrid :
Nombre del editor, distribuidor, etc. Paraninfo,
Fecha de publicación, distribución, etc. 1957.
300 ## - DESCRIPCIÓN FÍSICA
Extensión VIII, 176 p. ;
Dimensiones 21 cm.
490 1# - MENCIÓN DE SERIE
Mención de serie Biblioteca técnica y científica Philips
700 1# - ENTRADA AGREGADA--NOMBRE PERSONAL
Nombre de persona Arribas Berthe, L. F.
9 (RLIN) 23290
830 0# - PUNTO DE ACCESO ADICIONAL DE SERIE-TÍTULO UNIFORME
Título uniforme Biblioteca técnica y científica Philips
9 (RLIN) 181887
852 ## - LOCALIZACIÓN
Ubicación ES-MaACL
Número de control de estantería C-12418
Sublocalización o colección R.40697
Holdings
Estatus retirado Estado de pérdida Estado de daño No para préstamo Biblioteca de origen Biblioteca actual Ubicación en estantería Fecha de adquisición Fuente de adquisición Total de préstamos Signatura topográfica completa Código de barras Visto por última vez Precio de reemplazo Tipo de ítem Koha
        Biblioteca del Ateneo de Madrid Biblioteca del Ateneo de Madrid Sala Palomar 17/01/2008     C-12418 1151093 23/02/2023 23/02/2023 Libro impreso